000 00918nam a22002897a 4500
001 BR7100644
003 BR-BrBNA
005 20230928083708.0
007 ta
008 230509b bl.||||| |||| 00| 0 por d
040 _aBR-BrBNA
_bpor
_cBiblioteca Nacional de Agricultura
041 _a(Spa)
072 _aL73
_b5100
_b4150
_b/G518
090 _ 5100 BR7100644
100 1 _aMackenzie, R.B.
110 1 _aDepartamento Nacional de Producao Animal, Brasilia, DF (Brasil). Div. de Defesa Sanitaria Animal
245 1 _aEncefalitis equina de venezuela en Colombia 1967-1971. Observaciones relativas a su historia natural y vacunas [Doenca animal; Equino; Virus]
260 3 _aBrasilia, DF (Brasil):
_c1971.
300 _a10 p.
650 _aDoenca animal
650 _aEquino
650 _aEncefalomielite
650 _aVirus
650 _aColombia
909 _a202309
_bLucia
_c55
_dLucia Elande
942 _cBK
999 _c14827
_d14827